000 00421nam a2200145Ia 4500
008 231129s1990||||xx |||||||||||||| ||spa||
020 _a84-283-1817-4
040 _bspa
082 _a621.3841 D542r
100 _aDí­az Mancisidor Alberto
245 0 _aRadio y televisión: Introducción a las nuevas tecnologí­as
260 _c1990
264 _aParaninfo
942 _2ddc
_cBKS
999 _c23691
_d23691